Voitures Need for Speed Rivals (Pilote) - Statistiques

Statistiques générales
  • Ce quiz a été pris 22 fois
  • Le résultat moyen est 4 sur 33
Statistiques - réponses
Niveau d'alerte Voiture (pilote) % Correct
1 Dodge Challenger
44%
1 BMW M3 GTS
39%
1 Aston Martin Vanquish
28%
4 Koenigsegg One:1
28%
4 McLaren P1
28%
1 Porsche Cayman S
28%
1 Ford Mustang GT
22%
4 Lamborghini Veneno
22%
3 Ferrari 458 Spider
17%
4 Ferrari F12
17%
2 Ford GT
17%
3 GTA Spano
17%
4 Lamborghini Sesto Elemento
17%
3 Mclaren 12c Spider
17%
3 Porsche 918 Spyder
17%
2 Chevrolet Corvette Stingray
11%
4 Ferrari Enzo Ferrari
11%
1 Ford Mustang GT NFS Movie Car
11%
2 Mercedes-Benz SLS AMG Black Series
11%
3 Porsche 911 GT3
11%
3 Ferrari 599GTO
6%
3 Ferrari F40
6%
3 Ferrari F50
6%
2 Lamborghini Gallardo Super Trofeo
6%
3 Lamborghini Miura Concept
6%
4 Pagani Huayra
6%
2 Audi R8 Coupé V10 plus
0%
4 Jaguar CX-75 Prototype
0%
4 Jaguar XJ220
0%
4 Lamborghini Aventador LP720-4
0%
2 Lamborghini Gallardo LP 570-4
0%
1 Maserati GT MC Stradale
0%
2 Mercedes-Benz McLaren SLR Roadster
0%
Aucun quiz correspondant
Distribution des résultats
% des personnes avec chaque résultat
Percentile par nombre de réponses
Votre historique - résultats
Vous n’avez pas pris ce quiz